El nuevo pensamiento: incluye seis ensayos introductorios al pensamiento de Rosenzweig

Uloženo v:
Podrobná bibliografie
Hlavní autor: Rosenzweig, Franz (Autor)
Médium: Kniha
Jazyk:španělština
Vydáno: Buenos Aires, Argentina Adriana Hidalgo 2005
Edice:Filosofía e Historia
Témata:
Tagy: Přidat tag
Žádné tagy, Buďte první, kdo vytvoří štítek k tomuto záznamu!

MARC

LEADER 00000nam a2200000 a 4500
001 UCH0406
003 CL-VaPUC
005 20210603001337.0
008 090312e20050000AG |||||||||||||||||spa|d
999 |c 332734  |d 332732 
020 |a 9871156235 
040 |c Pontificia Universidad Católica de Valparaíso 
082 0 4 |a 190 ROS 2005  |2 21 
100 0 |a Rosenzweig, Franz  |e author  |9 534587 
245 1 3 |a El nuevo pensamiento:  |b  incluye seis ensayos introductorios al pensamiento de Rosenzweig 
260 |a Buenos Aires, Argentina  |b Adriana Hidalgo  |c 2005 
300 |a 269 páginas 
490 0 |a Filosofía e Historia 
583 |a last modification  |c 20130105 01:29:43  |k Rodrigo Vera 
650 0 |a Filosofía contemporánea  |9 265372 
942 |c BK  |2 ddc 
945 |d 20090312 00:00:00  |a rbrito 
952 |0 0  |1 0  |2 ddc  |4 0  |6 190_000000000000000_ROS_2005  |7 0  |8 A  |9 420631  |a BIBEDU  |b BIBEDU  |d 2019-11-22  |i 451596K  |o 190 ROS 2005  |p 451596K  |r 2019-11-22  |t 1  |w 2019-11-22  |y BK  |k FIL